| 000 | 00478nam a2200157Ia 4500 | ||
|---|---|---|---|
| 008 | 220216s9999 xx 000 0 und d | ||
| 100 | _aGopalakrishnan J | ||
| 245 | 0 | _aSynthesis of silvernanoparticles using Hevea leaf and latex | |
| 260 | _bIRRDB International Rubber Conference, 14-17 December 2011, Thailand | ||
| 650 | _aHevea leaf | ||
| 650 | _aSilvernanoparticles | ||
| 700 | _aKrishnakumar R | ||
| 700 | _aMusthapha Mridula P | ||
| 700 | _aSaumya K G | ||
| 942 | _cBS | ||
| 999 |
_c50625 _d50625 |
||